000 00597cam a2200217 4500
001 B240
008 090401t1986 xxu||||| |||| 00| 0 eng d
035 _a(Sirsi) u34536
041 _aeng
050 _a692.2
100 _aPowell-Smith, Vincent
245 _aWhyte & Powell-Smith`s The Building Regulations explained & illustrated
250 _a7th ed.
260 _aLondon
_bCollins
_c1986
300 _a538p. : ill. ; 24cm.
350 _a12.95
520 _aEarlier editions by Whyte,W.S. and Powell-Smith,Vincent.
700 _aBillington, M. J.
942 _n0
948 _c04/03/1997
999 _c89956
_d89956